Simple and practical payroll : how to administer PAYE, National Insurance, Statutory Sick Pay, and Statutory Maternity Pay : CD / (Record no. 9227)
[ view plain ]
| 000 -LEADER | |
|---|---|
| fixed length control field | 00950nac a22002531u 4500 |
| 008 - FIXED-LENGTH DATA ELEMENTS--GENERAL INFORMATION | |
| fixed length control field | 150901b xxu||||| |||| 00| 0 eng d |
| 082 ## - DEWEY DECIMAL CLASSIFICATION NUMBER | |
| Classification number | 657.74 21 |
| Item number | KIR |
| 100 ## - MAIN ENTRY--PERSONAL NAME | |
| Personal name | Kirkland, Keith |
| 245 ## - TITLE STATEMENT | |
| Title | Simple and practical payroll : how to administer PAYE, National Insurance, Statutory Sick Pay, and Statutory Maternity Pay : CD / |
| Statement of responsibility, etc | Keith Kirkland and Stuart Howard. |
| 246 ## - VARYING FORM OF TITLE | |
| Title proper/short title | Payroll |
| 260 ## - PUBLICATION, DISTRIBUTION, ETC. (IMPRINT) | |
| Place of publication, distribution, etc | London : |
| Name of publisher, distributor, etc | Kogan Page, 1998. |
| Date of publication, distribution, etc | c1998. |
| 300 ## - PHYSICAL DESCRIPTION | |
| Extent | p. |
| Type of unit | 1 CD-ROM (4 3/4 in.) |
| 440 ## - | |
| -- | ( Simple and practical business skills) |
| 500 ## - GENERAL NOTE | |
| General note | Audiovisuals |
| 500 ## - GENERAL NOTE | |
| General note | Distributer: Al-Ahram |
| 511 ## - PARTICIPANT OR PERFORMER NOTE | |
| Participant or performer note | Catalogued by: Sara |
| 650 ## - SUBJECT ADDED ENTRY--TOPICAL TERM | |
| Topical term or geographic name as entry element | Payrolls. |
| Source of heading or term | BUEsh |
| 650 ## - SUBJECT ADDED ENTRY--TOPICAL TERM | |
| Topical term or geographic name as entry element | Payrolls -- Problems, exercises, etc. |
| Source of heading or term | BUEsh |
| 650 ## - SUBJECT ADDED ENTRY--TOPICAL TERM | |
| Topical term or geographic name as entry element | Wages -- Accounting. |
| Source of heading or term | BUEsh |
| 650 ## - SUBJECT ADDED ENTRY--TOPICAL TERM | |
| Topical term or geographic name as entry element | Wages -- Accounting -- Problems, exercises, etc. |
| Source of heading or term | BUEsh |
| 651 ## - SUBJECT ADDED ENTRY--GEOGRAPHIC NAME | |
| Source of heading or term | BUEsh |
| 700 ## - ADDED ENTRY--PERSONAL NAME | |
| Personal name | Howard, Stuart |
| Dates associated with a name | 1961- |
| 942 ## - ADDED ENTRY ELEMENTS (KOHA) | |
| Item type | |
| Call number prefix | 657.74 21 KIR |
| Source of classification or shelving scheme | Dewey Decimal Classification |
| Withdrawn status | Item status | Damaged status | Not for loan | Home library | Current library | Shelving location | Date acquired | Source of acquisition | Total Checkouts | Full call number | Barcode | Date last seen | Koha item type |
|---|---|---|---|---|---|---|---|---|---|---|---|---|---|
| Central Library | Central Library | First floor | 21/04/2008 | Purchase | 657.74 21 KIR | 000011200 | 24/08/2022 | CD | DVD - With book |